L'Economia catalana davant el 2000 / [Xavier Sáez]
ISBN:
84-7794-604-3
Descripción Física:
77 p., taules., gràf. ; 24 cm
MARC
| LEADER | 00000nam a2200000Ia 4500 | ||
|---|---|---|---|
| 001 | 13568 | ||
| 003 | BGR | ||
| 005 | 20260324175601.0 | ||
| 008 | 160829s1999 xx 000 0 cat d | ||
| 020 | |a 84-7794-604-3 | ||
| 080 | |a M-3-433 | ||
| 100 | |a Sáez, Xavier |9 18932 | ||
| 245 | |a L'Economia catalana davant el 2000 / [Xavier Sáez] | ||
| 260 | |a Barcelona : |b Diputació de Barcelona. Servei de Promoció Econòmica Local, |c 1999 | ||
| 300 | |a 77 p., taules., gràf. ; |c 24 cm | ||
| 651 | 0 | |a Catalunya |x Condicions econòmiques |y S. XX |9 56404 | |
| 710 | 1 | |a Barcelona (Catalunya : Província). |b Diputació |b Servei de Promoció Econòmica Local |9 52408 | |
| 901 | |a Arxiu | ||
| 942 | |n 1 |2 udc |c MON | ||
| 952 | |0 0 |1 0 |4 0 |6 M3433 |7 1 |9 46376 |a Arxiu |b Arxiu |d 2016-12-01 |l 0 |o M-3-433 |p 13568 |r 2016-12-01 00:00:00 |w 2016-12-01 |y ARXIU | ||
| 999 | |c 50161 |d 50161 | ||